[Event "POL-ch U18 Girls"]
[Site "Leba"]
[Date "2008.04.05"]
[Round "10"]
[White "Stepien, Teresa"]
[Black "Rozycka, Justyna"]
[Result "1-0"]
[WhiteElo "1537"]
[BlackElo "1675"]
[PlyCount "119"]
[EventDate "2008.03.29"]
[EventType "swiss"]
[EventRounds "11"]
[EventCountry "POL"]
[SourceTitle "CBM 123 Extra"]
[Source "ChessBase"]
[SourceDate "2008.05.06"]
[SourceVersion "1"]
[SourceVersionDate "2008.05.06"]
[SourceQuality "1"]

1. c4 e6 2. Nc3 d5 3. cxd5 exd5 4. d4 c6 5. e3 Nf6 6. g3 Be7 7. Bg2 Bf5 8. Nge2 0-0 9. Bd2 Nbd7 10. a3 Nb6 11. b3 Re8 12. a4 a5 13. Bc1 Bb4 14. Ba3 Bxa3 15. Rxa3 Qd6 16. Ra1 Qb4 17. 0-0 Ne4 18. Nxe4 Bxe4 19. Bxe4 dxe4 20. Rb1 Nd5 21. Qc2 f5 22. Rfc1 Rad8 23. Qc5 Qxc5 24. Rxc5 Ra8 25. Rbc1 g6 26. Nf4 Nxf4 27. gxf4 Red8 28. Re5 Ra6 29. Rcc5 Rb6 30. Rxa5 Rxb3 31. Ra7 Rd7 32. a5 Rf7 33. Re8+ Kg7 34. Rb8 Rb5 35. Kg2 h6 36. h4 Kf6 37. Rc8 Kg7 38. a6 bxa6 39. Rxa6 Kh7 40. Rcxc6 Rg7 41. Rab6 Rxb6 42. Rxb6 Rd7 43. f3 exf3+ 44. Kxf3 Kg7 45. Re6 h5 46. Re5 Kf6 47. d5 Rd6 48. e4 Rb6 49. exf5 gxf5 50. Re3 Rd6 51. Rd3 Rd7 52. Ke2 Kf7 53. d6 Ke6 54. Re3+ Kf6 55. Rd3 Ke6 56. Ke3 Rxd6 57. Rxd6+ Kxd6 58. Kd4 Ke6 59. Kc5 Ke7 60. Kd5 1-0

[Event "POL-ch U18 Girls"]
[Site "Leba"]
[Date "2008.03.29"]
[Round "1"]
[White "Rozycka, Justyna"]
[Black "Depta, Anna"]
[Result "0-1"]
[WhiteElo "1675"]
[BlackElo "1882"]
[PlyCount "90"]
[EventDate "2008.03.29"]
[EventType "swiss"]
[EventRounds "11"]
[EventCountry "POL"]
[SourceTitle "CBM 123 Extra"]
[Source "ChessBase"]
[SourceDate "2008.05.06"]
[SourceVersion "1"]
[SourceVersionDate "2008.05.06"]
[SourceQuality "1"]

1. d4 c5 2. d5 e5 3. e4 d6 4. Nc3 g6 5. h3 Bg7 6. Nf3 Ne7 7. Be2 0-0 8. 0-0 f5 9. Nd2 f4 10. a4 Nd7 11. Bf3 Nf6 12. Nc4 g5 13. Nb5 Ne8 14. Bh5 Ng6 15. Bg4 a6 16. Nc3 Nf6 17. Bf3 Nh4 18. Be2 Ne8 19. Nd2 Rf6 20. Nf3 Rh6 21. Nh2 Nxg2 22. Ng4 Bxg4 23. Bxg4 Nh4 24. Kh2 Nf6 25. Be6+ Kh8 26. Rg1 Ne8 27. Bg4 Qf6 28. Bd2 Ng6 29. f3 Qe7 30. Be1 Nf6 31. Bf5 Nh4 32. Be6 Nh5 33. Bg4 Bf6 34. Nb1 Ng7 35. Nd2 Rg6 36. Nc4 h5 37. Nb6 hxg4 38. Bxh4 Rg8 39. Rxg4 Rh6 40. Bf2 Qf7 41. Qf1 Bd8 42. Nc4 Qh5 43. h4 Ne8 44. Qg1 Nf6 45. Nd2 Nxg4+ 0-1